EA FC26 All Gold Sweden Players - Statistics

General Stats
  • This quiz has been taken 24 times
  • The average score is 7 of 20
Answer Stats
Rate Club Answer % Correct
88 Liverpool Alexander Isak
100%
83 Spurs Dejan Kulusevski
90%
87 Arsenal Viktor Gyokeres
86%
81 Newcastle Anthony Elanga
76%
79 NYRB Emil Forsberg
57%
77 Dortmund Daniel Svensson
52%
77 Spurs Lucas Bergvall
52%
78 Atalanta Isak Hien
48%
78 Frankfurt Hugo Larsson
43%
75 Brighton Yasin Ayari
33%
75 St. Pauli Eric Smith
19%
75 Ipswich Town Jens Cajuste
19%
76 Wolfsburg Mattias Svanberg
19%
78 Celta Carl Starfelt
10%
77 Leeds Gabriel Gudmundsson
10%
75 Club Brugge Gustaf Nilsson
10%
76 Strasbourg Sebastian Nanasi
5%
75 Aberdeen Jesper Karlsson
0%
75 Udinese Jesper Karlstrom
0%
76 AEK Athens Niclas Eliasson
0%
No matching quizzes found
Score Distribution
Percent of People with Each Score
Percentile by Number Answered
Your Score History
You have not taken this quiz